000 00425naa a2200169 4500
999 _c73724
_d73724
001 13117
003 OSt
005 20220111152248.0
007 tu
008 ||||||||||||
040 _aDE-2950
_cDE-2950
100 1 _aTopfstedt, Thomas
245 0 0 _aStädtebau und Stadtplanung in Brandenburg seit 1945
260 _c1992
773 0 _dKöln : DuMont, 1992
_gS. 238 - 255
_tBaukunst in Brandenburg
_w13111
942 _2z
_cA